Statistics for Slang Definitions #1

Click here to take the quiz!

General Stats

  • This quiz has been taken 52,573 times
    (35,198 since last reset)
  • The average score is 14 of 20

Answer Stats

SlangHintMeaning% Correct
SpudFoodPotato
94%
NadaAmountNothing
91%
ShadesAttireSunglasses
90%
NogginBody PartHead
88%
SlammerPlaceJail
87%
Knocked UpPersonal StatePregnant
86%
JohnPlaceBathroom
82%
BlowDrugCocaine
81%
BarfVerbVomit
81%
JoeBeverageCoffee
73%
The Five-0Group of PeoplePolice
70%
BeemerBrand NameBMW
68%
Forty WinksActivityNap
65%
FirebugType of CriminalArsonist
64%
IceMineralDiamond
61%
In the BuffPersonal StateNaked
59%
Idiot BoxObjectTelevision
59%
BlottoPersonal StateDrunk
49%
SpookOccupationSpy
34%
Buy the FarmVerbDie
33%

Score Distribution

Percentile by Number Answered

Percent of People with Each Score

Your Score History

You have not taken this quiz since the last reset